00787nam a2200157 a 450000100100000000500170001000800410002704000250006808200140009311101340010724500530024126001100029430000350040495201730043999900170061200003132020200930062840.0110620s1956 dr ac r 000 0 spa d aDO-SdBNPbspacBNPHU axxxxbE961 aExposición bienal de artes plásticasn(8va :d16 de agost- 1 de sept. 1956 :cCiudad Trujillo, República Dominicana)95776810aOctava exposición bienal de artes plásticas. aCuidad Trujillo, República Dominicana :bSecretaría de Estado de Educación y Bellas Artes,c[1956]. a97 p. :bil., retrs. ;c17 cm. 001050718RVaPDbPDcHDd2011-06-20iLF1l0oxxxx E96p31320-10r2020-06-25w2020-06-25y1zPerteneció a la colección Aída Cartagena PortalatínZNo se presta c30812d30812